| 000 | 00440nam a2200193Ia 4500 | ||
|---|---|---|---|
| 008 | 170918s9999 xx 000 0 und d | ||
| 020 | _a9780142426500 | ||
| 050 | _bL965 2012 | ||
| 100 | _aLupica, Mike | ||
| 245 | _aTrue legend / | ||
| 245 | _cMike Lupica. | ||
| 260 | _aLondon : | ||
| 260 | _bPuffin Books, | ||
| 260 | _c2012 | ||
| 300 | _a292 pages : | ||
| 300 | _bcolored illustration ; | ||
| 300 | _c21cm. | ||
| 500 | _a850 | ||
| 999 |
_c342087 _d342087 |
||